000 00583nam a2200205Ii 4500
003 JO-AjNU
008 230606s9999||||xx |||||||||||||| ||und||
020 _a978-1-4411-2020-5
040 _aJO-AjNU
_beng
_erda
_cJO-AjNU
041 _aeng
050 1 4 _aPT2177.T36 2010
100 3 _aTantillo,Astrida orle,
_eauthor
_92547
245 0 0 _aGoethes Modernisms
264 3 1 _aContinuum, 2010
300 _a196p
336 _atext
_btxt
_2rdacontent
337 _aunmediated
_bn
_2rdamedia
338 _avolume
_bnc
_2rdacarrier
650 4 _a Modernism (Literature) -- Germany. 
_92548
999 _aE1332
_c1332
_d1332